000
00317cas a2200133 4500
022
_a
0003-4975
040
_c
MUL
082
0
_a
617 LIT 1998 A105 Or.
245
0
4
_a
The Annals of thoracic surgery
260
_a
[Boston, etc. :
_b
Little, Brown & Co., etc]
300
_b
ill. ;
_c
26 cm
650
2
_a
Thorax
942
_c
EK
999
_c
16221
_d
16221